Organizacija upravlenija sooruženijem krupnych proizvodstvennych kompleksov
Salvato in:
| Autore principale: | |
|---|---|
| Natura: | Libro |
| Lingua: | russo |
| Pubblicazione: |
Moskva
Meždunarodnyj naučno-issledovatel'skij institut problem upravlenija
1982
|
| Tags: |
Nessun Tag, puoi essere il primo ad aggiungerne!!
|
MARC
| LEADER | 00000nam a2200000 4500 | ||
|---|---|---|---|
| 001 | c129402 | ||
| 005 | 20041019155246.2 | ||
| 041 | 0 | |a rus | |
| 044 | |a RU | ||
| 245 | 1 | 0 | |a Organizacija upravlenija sooruženijem krupnych proizvodstvennych kompleksov |c Marek Kostševski |
| 264 | 1 | |a Moskva |b Meždunarodnyj naučno-issledovatel'skij institut problem upravlenija |c 1982 | |
| 300 | |a 37 s. | ||
| 100 | 1 | |a Kostševski, Marek | |